<?xml version="1.0" encoding="UTF-8"?>
<record
    xmlns:xsi="http://www.w3.org/2001/XMLSchema-instance"
    xsi:schemaLocation="http://www.loc.gov/MARC21/slim http://www.loc.gov/standards/marcxml/schema/MARC21slim.xsd"
    xmlns="http://www.loc.gov/MARC21/slim">

  <leader>02249nam a2200289 i 4500</leader>
  <controlfield tag="003">DO-SdBNP</controlfield>
  <controlfield tag="005">20250521104551.0</controlfield>
  <controlfield tag="007">ta</controlfield>
  <controlfield tag="008">250520b2010    dr ac||| |||| 00| 0 spa d</controlfield>
  <datafield tag="020" ind1=" " ind2=" ">
    <subfield code="a">9789945003925</subfield>
  </datafield>
  <datafield tag="040" ind1=" " ind2=" ">
    <subfield code="a">DO-SdBNP</subfield>
    <subfield code="b">spa</subfield>
    <subfield code="c">BNPHU</subfield>
    <subfield code="e">rda</subfield>
  </datafield>
  <datafield tag="041" ind1=" " ind2=" ">
    <subfield code="a">spa</subfield>
  </datafield>
  <datafield tag="082" ind1=" " ind2="4">
    <subfield code="a">xxx</subfield>
    <subfield code="b">M538s</subfield>
    <subfield code="2">22</subfield>
  </datafield>
  <datafield tag="100" ind1=" " ind2=" ">
    <subfield code="a">M&#xE9;ndez Capell&#xE1;n, V&#xED;ctor,</subfield>
    <subfield code="d">1927- </subfield>
    <subfield code="e">autor</subfield>
    <subfield code="4">aut.</subfield>
    <subfield code="9">20981</subfield>
  </datafield>
  <datafield tag="245" ind1="1" ind2="3">
    <subfield code="a">Si yo pude, &#xA1;tu tambi&#xE9;n! :</subfield>
    <subfield code="b">consejos para una vida exitosa /</subfield>
    <subfield code="c">V&#xED;ctor M&#xE9;ndez Capell&#xE1;n ; cuidado de edici&#xF3;n, Freddy Ortiz.</subfield>
  </datafield>
  <datafield tag="250" ind1=" " ind2=" ">
    <subfield code="a">Primera edici&#xF3;n </subfield>
  </datafield>
  <datafield tag="264" ind1=" " ind2="4">
    <subfield code="a">Santo Domingo, Rep&#xFA;blica Dominicana : </subfield>
    <subfield code="b">Editora Corripio, </subfield>
    <subfield code="c">&#xA9;2010.</subfield>
  </datafield>
  <datafield tag="300" ind1=" " ind2=" ">
    <subfield code="a">142 p&#xE1;ginas : </subfield>
    <subfield code="b">ilustraciones, retratos ; </subfield>
    <subfield code="c">23 cm.</subfield>
  </datafield>
  <datafield tag="336" ind1=" " ind2=" ">
    <subfield code="a">texto</subfield>
    <subfield code="b">txt</subfield>
    <subfield code="2">rdacontent</subfield>
  </datafield>
  <datafield tag="337" ind1=" " ind2=" ">
    <subfield code="a">sin mediaci&#xF3;n </subfield>
    <subfield code="b">n</subfield>
    <subfield code="2">rdamedia</subfield>
  </datafield>
  <datafield tag="338" ind1=" " ind2=" ">
    <subfield code="a">volumen</subfield>
    <subfield code="b">nc</subfield>
    <subfield code="2">rdacarrier</subfield>
  </datafield>
  <datafield tag="505" ind1=" " ind2=" ">
    <subfield code="a">El objetivo de este libro 7 -- Certifico y doy fe 11 -- Amanece 19 -- En busca de mi primera empresa 27 -- Venta de fr&#xED;o-fr&#xED;o 31 -- La se&#xF1;orita G&#xF3;mez y las biograf&#xED;as 33 -- De lustrador a zapatero remend&#xF3;n 37 -- &#xA1;Quiero ser guardia! 41 -- &#xA1;Y soldado fui ! 45 -- M&#xE1;s bien...&#xA1;siempre he sido guardia ! 49 -- Trujillo, otra vez 51 -- De la guardia a billetero 55 -- Dos mujeres en mi vida 59 -- M&#xE1;s que empleados, socios 63 -- Diversificaci&#xF3;n y autofinanciamiento 67 -- &#x201C;Agencia de viajes nacionales e internacionales V&#xED;ctor M&#xE9;ndez Capell&#xE1;n&#x201D; 71 -- El Golf, cuando aquello era privilegio 75 -- Pan American y American Express 79 -- Hacia la &#x201C;geffrard&#x201D; 83 -- Refrigeraci&#xF3;n Dominicana 87 -- Finetta, o el &#xE9;xito de la persistencia 91 -- Finetta y el mito de la esposa en los negocios 97 -- Jarabacoa 101 -- Casas econ&#xF3;micas para los pobres 105 -- Alimentos Vimenca y la muerte de mi primer hijo 107 -- La necesidad cre&#xF3; a Remesas Vimenca Luego lleg&#xF3; Western Union 115 -- Los Call Centers. Nace &#x201C;Data Vimenca &#x201D;119 -- El Banco Vimenca 121 -- C&#xF3;mo hacer amigos. El ejemplo Charles T. Fote 123 -- La devoci&#xF3;n por la oraci&#xF3;n y la fuerza de la fe 129 -- La apariencia f&#xED;sica 133 -- La familia y la inversi&#xF3;n en educaci&#xF3;n 135 -- 82 a&#xF1;os despu&#xE9;s 139</subfield>
  </datafield>
  <datafield tag="590" ind1=" " ind2=" ">
    <subfield code="a">Inventariado, 2025 /LP</subfield>
  </datafield>
  <datafield tag="700" ind1="1" ind2=" ">
    <subfield code="a"> Ortiz, Freddy </subfield>
    <subfield code="e">editor</subfield>
    <subfield code="4">ed.</subfield>
    <subfield code="9">61927</subfield>
  </datafield>
  <datafield tag="910" ind1=" " ind2=" ">
    <subfield code="a">LP</subfield>
  </datafield>
  <datafield tag="942" ind1=" " ind2=" ">
    <subfield code="2">ddc</subfield>
    <subfield code="c">LBS1</subfield>
  </datafield>
  <datafield tag="952" ind1=" " ind2=" ">
    <subfield code="0">0</subfield>
    <subfield code="1">0</subfield>
    <subfield code="2">ddc</subfield>
    <subfield code="5">1</subfield>
    <subfield code="7">0</subfield>
    <subfield code="8">PD</subfield>
    <subfield code="a">BNPHU</subfield>
    <subfield code="b">BNPHU</subfield>
    <subfield code="c">CT</subfield>
    <subfield code="d">2024-10-14</subfield>
    <subfield code="e">Donado por Elena N&#xFA;&#xF1;ez </subfield>
    <subfield code="l">0</subfield>
    <subfield code="o">xxx M538s</subfield>
    <subfield code="p">2025-4445</subfield>
    <subfield code="r">2025-05-20</subfield>
    <subfield code="w">2025-05-20</subfield>
    <subfield code="y">LBS1</subfield>
  </datafield>
  <datafield tag="999" ind1=" " ind2=" ">
    <subfield code="c">59067</subfield>
    <subfield code="d">59067</subfield>
  </datafield>
</record>
